Accelerating clean energy technology research, development, and deployment lessons from non-energy sectors
Gespeichert in:
| 1. Verfasser: | |
|---|---|
| Weitere Verfasser: | |
| Format: | Buch |
| Sprache: | Englisch |
| Veröffentlicht: |
Washington, D.C.
<The> World Bank
2008
|
| Schriftenreihe: | World Bank working paper
no. 138 |
| Schlagworte: | |
| Tags: |
Keine Tags, Fügen Sie das erste Tag hinzu!
|
MARC
| LEADER | 00000nam$a2200000$$$4500 | ||
|---|---|---|---|
| 001 | 0078598 | ||
| 005 | 20240313135647.2 | ||
| 020 | |a 978-0-8213-7481-8 | ||
| 041 | 0 | |a eng | |
| 044 | |a US | ||
| 245 | 1 | 0 | |a Accelerating clean energy technology research, development, and deployment |b lessons from non-energy sectors |c Patrick Avato, Jonathan Coony |
| 264 | 1 | |a Washington, D.C. |b <The> World Bank |c 2008 | |
| 300 | |a 72 s. | ||
| 490 | 1 | |a World Bank working paper |v no. 138 | |
| 830 | 0 | |a World Bank working paper |v no. 138 | |
| 610 | 2 | 0 | |a zmeny klimatické |
| 610 | 2 | 0 | |a energia |
| 610 | 2 | 0 | |a výroba energie |
| 610 | 2 | 0 | |a výroba ekologická |
| 610 | 2 | 0 | |a krajiny rozvojové |
| 610 | 2 | 0 | |a technológia výroby |
| 610 | 2 | 0 | |a technológia |
| 610 | 2 | 0 | |a výskum |
| 610 | 2 | 0 | |a výdavky |
| 610 | 2 | 0 | |a sektor verejný |
| 610 | 2 | 0 | |a sektor súkromný |
| 610 | 2 | 0 | |a náklady |
| 610 | 2 | 0 | |a spolupráca medzinárodná |
| 610 | 2 | 0 | |a spolupráca vedecká |
| 610 | 2 | 0 | |a technológie nové |
| 610 | 2 | 0 | |a obchod |
| 610 | 2 | 0 | |a štúdie prípadové |
| 100 | 1 | |a Avato, Patrick | |
| 700 | 1 | |a Coony, Jonathan | |